00323nam a2200109Ia 4500008004000000020001800040082001600058100004000074245003500114260005600149300000800205210210b1996 xxu||||| |||| 00| 0 eng d a81 85137 22 6 a954.01 DANI aDANINO (Michel) and NAHAR (Sujata). aInvasion that never was. Ed 1. aDelhi.bThe Mother''s Institute of Research.,c1996 a127